[Event "EU-ch Seniors 07th"]
[Site "Hockenheim"]
[Date "2007.06.06"]
[Round "5"]
[White "Schuller, Erhard"]
[Black "Ivanova, Marianna"]
[Result "0-1"]
[WhiteElo "1791"]
[BlackElo "1761"]
[PlyCount "74"]
[EventDate "2007.06.02"]
[EventType "swiss"]
[EventRounds "9"]
[EventCountry "GER"]
[SourceTitle "CBM 118 Extra"]
[Source "ChessBase"]
[SourceDate "2007.07.04"]
[SourceVersion "1"]
[SourceVersionDate "2007.07.04"]
[SourceQuality "1"]

1. e4 Nc6 2. Nf3 d6 3. h3 g6 4. c3 Bg7 5. d4 e6 6. Bb5 Nge7 7. 0-0 0-0 8. Re1 a6 9. Bf1 Na7 10. Be3 b6 11. e5 Bb7 12. exd6 Qxd6 13. Na3 b5 14. Nc2 Nf5 15. Bd2 Rfe8 16. Ne3 Ne7 17. Nh2 c5 18. dxc5 Qxc5 19. Qe2 Qc7 20. Neg4 Nf5 21. Bf4 Qxf4 22. g3 Qc7 23. Ne3 Nxe3 24. Qxe3 Nc8 25. Rad1 Nd6 26. Bg2 Nf5 27. Qc1 Bxg2 28. Kxg2 Rad8 29. Kg1 Rxd1 30. Rxd1 h5 31. Nf1 Qc4 32. a3 e5 33. Qd2 e4 34. Qd7 Rf8 35. g4 hxg4 36. hxg4 Nh4 37. Ne3 Qe2 0-1

[Event "EU-ch Seniors 07th"]
[Site "Hockenheim"]
[Date "2007.06.04"]
[Round "3"]
[White "Frantzke, Helmut"]
[Black "Ivanova, Marianna"]
[Result "1-0"]
[WhiteElo "1955"]
[BlackElo "1761"]
[PlyCount "99"]
[EventDate "2007.06.02"]
[EventType "swiss"]
[EventRounds "9"]
[EventCountry "GER"]
[SourceTitle "CBM 118 Extra"]
[Source "ChessBase"]
[SourceDate "2007.07.04"]
[SourceVersion "1"]
[SourceVersionDate "2007.07.04"]
[SourceQuality "1"]

1. Nf3 e6 2. d3 g6 3. e4 d6 4. g3 Nf6 5. Bg2 Bg7 6. 0-0 0-0 7. c3 c6 8. Nbd2 Nbd7 9. Nc4 Qc7 10. Re1 b5 11. e5 bxc4 12. exf6 Bxf6 13. dxc4 Bg7 14. Bg5 Re8 15. Qd2 Ba6 16. b3 Nc5 17. Nd4 Bb7 18. Bh6 Bh8 19. f4 Nd7 20. Rac1 a5 21. a4 Nc5 22. Qc2 Qb6 23. Kh1 Nd7 24. Rb1 Bxd4 25. cxd4 Qxd4 26. Rbd1 Qc5 27. Qc3 e5 28. fxe5 Nxe5 29. Be3 Qb4 30. Qxb4 axb4 31. Rxd6 Ng4 32. Bd2 Rxe1+ 33. Bxe1 Re8 34. Bxb4 Re3 35. h3 Ne5 36. Rd8+ Kg7 37. Bf8+ Kf6 38. Rd6+ Kf5 39. g4+ Kf4 40. Kh2 Nf3+ 41. Bxf3 Rxf3 42. Rf6+ Ke4 43. Rxf3 Kxf3 44. b4 Ke4 45. b5 cxb5 46. cxb5 Kd5 47. a5 Kc4 48. a6 Ba8 49. b6 Kb5 50. b7 1-0